Conferencia pronunciada por Francisco de Asis Gutiérrez el dia 27 de enero de 1900 (Record no. 187953)

MARC details
000 -LEADER
campo de control de longitud fija 00705nam a2200169 i 4500
001 - NÚMERO DE CONTROL
campo de control 187953
003 - IDENTIFICADOR DE NÚMERO DE CONTROL
campo de control ES-MaACL
005 - FECHA Y HORA DE LA ÚLTIMA TRANSACCIÓN
campo de control 20230906223052.0
008 - DATOS DE LONGITUD FIJA--INFORMACIÓN GENERAL
campo de control de longitud fija 180402s1900 sp |||| | spa d
100 1# - ENTRADA PRINCIPAL--NOMBRE DE PERSONA
Nombre de persona Gutiérrez, Francisco de Asís.
9 (RLIN) 127665
245 10 - MENCIÓN DEL TÍTULO
Título Conferencia pronunciada por Francisco de Asis Gutiérrez el dia 27 de enero de 1900
Resto del título : el ahorro nacional base de la formación y del engrandecimiento de los pueblos.
260 ## - PUBLICACIÓN, DISTRIBUCIÓN, ETC.
Lugar de publicación, distribución, etc. [S.l.] :
Nombre del editor, distribuidor, etc. [s.n.],
Fecha de publicación, distribución, etc. 1900 (
Lugar de fabricación/manufactura Madrid :
Fabricante Est. tip. de "El Liberal")
300 ## - DESCRIPCIÓN FÍSICA
Extensión 32 p. ;
Dimensiones 23 cm.
594 ## - Nota al título y mención de responsabilidad
Nota al título y mención de responsabilidad Precede al título: Circulo de la Unión Mercantil e Industrial de Madrid.
650 04 - PUNTO DE ACCESO ADICIONAL DE MATERIA--TÉRMINO DE MATERIA
Término de materia o nombre geográfico como elemento de entrada Ahorro-
Subdivisión geográfica España.
9 (RLIN) 9702
852 ## - LOCALIZACIÓN
Ubicación ES-MaACL
Número de control de estantería F-13197(6)
Holdings
Estatus retirado Estado de pérdida Estado de daño No para préstamo Colección Biblioteca de origen Biblioteca actual Ubicación en estantería Fecha de adquisición Fuente de adquisición Total de préstamos Signatura topográfica completa Código de barras Visto por última vez Precio de reemplazo Tipo de ítem Koha
        Libros del s. XIX Biblioteca del Ateneo de Madrid Biblioteca del Ateneo de Madrid Sala Pecera Planta 2 02/04/2018     F-13197(6) 1198605 23/02/2023 23/02/2023 Libro impreso antiguo